[Event "FIN Team Cup"]
[Site "Finland"]
[Date "2014.09.07"]
[Round "5.2"]
[White "Kekki, Petri"]
[Black "Agopov, Mikael"]
[Result "0-1"]
[WhiteElo "2352"]
[BlackElo "2422"]
[PlyCount "72"]
[EventDate "2014.03.29"]
[EventType "team-k.o."]
[EventRounds "6"]
[EventCountry "FIN"]
[SourceTitle "EXT 2022"]
[Source "ChessBase"]
[SourceDate "2021.10.06"]
[SourceVersion "1"]
[SourceVersionDate "2021.10.06"]
[SourceQuality "1"]
[WhiteTeam "Espoo MatSK"]
[BlackTeam "Velhot"]
[WhiteTeamCountry "FIN"]
[BlackTeamCountry "FIN"]

1. d4 Nf6 2. Nf3 e6 3. Bg5 c5 4. e3 cxd4 5. exd4 b6 6. Bd3 Bb7 7. 0-0 Be7 8. Re1 0-0 9. Nbd2 d6 10. c3 Nbd7 11. a4 a6 12. Nc4 Qc7 13. h3 Rfe8 14. Bf4 Nd5 15. Bh2 b5 16. Ne3 Qb6 17. c4 Nxe3 18. Rxe3 bxc4 19. Bxc4 Nf6 20. a5 Qa7 21. Ng5 Bf8 22. h4 h6 23. Nh3 Bd5 24. Bd3 Reb8 25. g4 Bb3 26. Qe2 Qxd4 27. Rg3 Bd5 28. g5 Rxb2 29. Qd1 Rd2 30. gxf6 Rxd1+ 31. Rxd1 Qxf6 32. Nf4 Bc6 33. Rc1 Bb5 34. Bb1 Qxh4 35. Rc7 Qd8 36. Rgc3 d5 0-1

[Event "FIN-chT 1314"]
[Site "Finland"]
[Date "2014.03.08"]
[Round "10.5"]
[White "Kekki, Petri"]
[Black "Laihonen, Petteri"]
[Result "1-0"]
[WhiteElo "2354"]
[BlackElo "2253"]
[PlyCount "79"]
[EventDate "2013.09.21"]
[EventType "team-tourn"]
[EventRounds "11"]
[EventCountry "FIN"]
[SourceTitle "EXT 2015"]
[Source "ChessBase"]
[SourceDate "2014.11.20"]
[SourceVersion "1"]
[SourceVersionDate "2014.11.20"]
[SourceQuality "1"]
[WhiteTeam "Espoo MatSK"]
[BlackTeam "Jyvaskyla JyS"]
[WhiteTeamCountry "FIN"]
[BlackTeamCountry "FIN"]

1. d4 e6 2. Nf3 c5 3. c3 Nc6 4. g3 Nf6 5. Bg2 Be7 6. 0-0 0-0 7. dxc5 Bxc5 8. b4 Be7 9. a4 d5 10. Ba3 Ne4 11. Nfd2 Nxd2 12. Nxd2 Qc7 13. Qb3 Rd8 14. Rac1 b6 15. c4 d4 16. c5 bxc5 17. Ne4 Rb8 18. Nxc5 Qb6 19. b5 Ne5 20. Qa2 Bf8 21. Rfd1 Qa5 22. Rb1 Qb6 23. Rdc1 Nd7 24. Nd3 Bb7 25. Bxf8 Bxg2 26. Kxg2 Rxf8 27. Rc6 Qb7 28. f3 Nf6 29. Qc4 Rbd8 30. Rc1 Qb8 31. Kf2 h5 32. a5 Rd5 33. Rc5 h4 34. Rxd5 hxg3+ 35. hxg3 exd5 36. Qxd4 Qxb5 37. Qxa7 d4 38. Rc5 Qb1 39. Rg5 Rd8 40. Qe7 1-0